|
|
|
|
| LEADER |
00000cam a2200000 7i4500 |
| 001 |
0000061610 |
| 005 |
20160319.0 |
| 008 |
160318 |
| 024 |
4 |
0 |
|a PICCOX07
|
| 090 |
0 |
0 |
|a JF
|b EDU ENG
|
| 245 |
1 |
0 |
|a Logico Piccolo 20 [kit] :
|b brain development 7-geometry 1
|
| 260 |
|
|
|a Germany :
|b Grolier ,
|c ©2009
|
| 300 |
|
|
|a 1 set (16 cards) :
|b col.ill ;
|c 23cm.
|
| 500 |
|
|
|a Children ages 7-9 years old (orange)
|
| 500 |
|
|
|a Includes parents' guide for Logico Piccolo
|
| 505 |
0 |
|
|a Contents:recognition of geometrical shapes-circle,square,triangle and rectengular-recognition of shapes-splitting up geometrical shapes-building with geometrical shapes-splitting squares in triangles and rectangles-recognition of patterns-recognition of patterns-recognition(space-position-relation)-left and right-recognition(space-position-relation)-recognition(space-position-relation)-turning around of pictures-orientation with grid squares-orientation with grid squares
|
| 650 |
|
0 |
|a Education, Preschool
|x Activity programs
|
| 650 |
|
0 |
|a Education
|x English
|
| 999 |
|
|
|a 0001395906
|b Book
|c Children Collection
|e Perbadanan Perpustakaan Awam Johor
|